export_success — 

United Nations industrial development organization : 30 years of industrial development 1966-1996.

Bibliographic Details
Format: Book
Published: London: International Systems and Communications, 1994.
Subjects:
LEADER 00582cam a2200169 7i4500
001 0000005464
005 19991025090000.0
002 ##000007098
020 0 0 |a T000005570  
090 0 0 |a I 338.9   |b UNI 
245 0 0 |a United Nations industrial development organization :   |b 30 years of industrial development 1966-1996. 
260 0 0 |a London:   |b International Systems and Communications,   |c 1994. 
300 0 0 |a 403 p.. 
650 0 0 |a Industrial development  
650 0 0 |a UNIDO  
650 0 0 |a United Nations Industrial Development Organization  
999 |a 0000006830  |b Book  |c Open shelf  |e Business Information Centre